000 00588nam a2200193Ia 4500
003 GCL
008 140319s9999 xx 000 0 ara d
040 _aGCL /
_cGCL
082 0 4 _aق
_b962.064
_bم ح
100 1 _aمحمود فوزى
245 1 0 _aحرب السويس 1956 /
_cمحمود فوزى
300 _a169 ص
490 _a
650 0 4 _aالنزاع العربى الاسرائيلى
650 0 4 _aالدبلوماسية
650 0 4 _aالحروب العربية الاسرائيلية
650 0 4 _aالاعتداء الثلاثى على مصر 1956
942 _2ddc
_cBK
999 _c38313
_d38313